000 00597nam a2200193 a 4500
001 000009462
005 20240412074211.0
008 090930s1957 dr a 000 p spa d
040 _aDO-SdBNP
_bspa
_cBNPHU
082 _aRD861.44
_bN734r
100 1 _aNivar, Amada
_924266
245 1 0 _aRosa de América /
_cAmada Nivar.
260 _aCiudad Trujillo, República Dominicana :
_bDel Caribe,
_c1957.
300 _a351 p. :
_bil. ;
_c24 cm.
590 _aInventariado, 2018/LP
650 0 _aPoesía dominicana
_966
650 0 _aLiteratura dominicana.
_967
910 _aValidado. Control de calidad MFF
999 _c9222
_d9222